000 01666cam a2200373Ia 4500
001 53011629
003 OCoLC
005 20230613204458.0
008 030911s2001 ag a j 6 000 | spa d
020 _a9505156057
020 _a9789505156054
035 _a(OCoLC)53011629
040 _aN94
_beng
_cN94
_dTEF
_dBAKER
_dOCLCQ
_dYDXCP
_dOCLCF
_dOCLCO
041 _aspa
050 1 4 _aPN6790.A74
_bM345 2001
082 0 4 _a741.5
_222
100 0 _aQuino.
_0https://id.loc.gov/authorities/names/n83019479.
245 1 0 _aMafalda
_n5 /
_cQuino.
246 _aMafalda five
264 1 _aBuenos Aires, Argentina :
_bRafael Caldaza :
_bEdiciones de la flor,
_c2001.
300 _a1 volume (unpaged) :
_billustrations ;
_c14 x 20 cm.
336 _atext
_btxt
_2rdacontent.
337 _aunmediated
_bn
_2rdamedia.
338 _avolume
_bnc
_2rdacarrier.
385 _nage
_aChildren
_2lcdgt.
650 0 _aComic books, strips, etc.
_0https://id.loc.gov/authorities/subjects/sh85028863
_vJuvenile literature.
_0https://id.loc.gov/authorities/subjects/sh99001674.
650 0 _aMafalda (Fictitious character : Quino)
_0https://id.loc.gov/authorities/subjects/sh2003007002
_vJuvenile literature.
_0https://id.loc.gov/authorities/subjects/sh99001674.
655 7 _aJuvenile works.
_2fast
_0(OCoLC)fst01411637.
655 7 _aGraphic novels.
_2lcgft
_0https://id.loc.gov/authorities/genreForms/gf2014026362.
655 7 _aComics (Graphic works)
_2lcgft
_0https://id.loc.gov/authorities/genreForms/gf2014026266.
655 7 _aLiterature.
_2lcgft
_0https://id.loc.gov/authorities/genreForms/gf2014026415.
700 0 _aQuino.
_0https://id.loc.gov/authorities/names/n83019479.
942 _cBK
999 _c28167
_d28167